| 000 | 01158njm a22002897a 4500 | ||
|---|---|---|---|
| 005 | 20100904141433.0 | ||
| 007 | sd ammalaaahaa | ||
| 008 | 100830t xxu||||| |||| 00| 0 hin d | ||
| 028 |
_aN. 52204 _bHis Master's voice |
||
| 028 |
_aOJE. 10334 _bHis Master's voice |
||
| 028 |
_aOJE. 10158 _bHis Master's voice |
||
| 035 | _aGR-643 | ||
| 040 | _aSED/VEN | ||
| 100 |
_917458 _aMangeskar, Lata |
||
| 245 |
_aDekh Kabira roya part 1 / _h[Sound recording] : _cby Lata Mangeskar |
||
| 246 | _aदेख कबीरा रोया (लता मंगेशकर) | ||
| 260 |
_aDum Dum, India _bHis Master's Voice |
||
| 300 |
_a1 Sound disc [Gramophone Record] : _banlog, 33 1/3 rpm _c10 in (LP) _fGramophone Records |
||
| 500 | _aBrief record | ||
| 505 | _aMeri bina tum bin roye, Aashko se tera hamne (मेरी बिना तुम बिन रोये) (आशको से तेरा हमने) पात्र. 2 | ||
| 650 |
_aOrkectra _91186 _zIndia _xExcerpts |
||
| 650 | _918274 | ||
| 700 | _917459 | ||
| 700 | _918096 | ||
| 942 |
_2ddc _cGR |
||
| 999 |
_c43822 _d43822 |
||